| 000 | 00693nam a2200205 4500 | ||
|---|---|---|---|
| 001 | 123167 | ||
| 003 | ES-MaACL | ||
| 005 | 20250811080714.0 | ||
| 007 | t| | ||
| 008 | 070214s1971 sp r ||||0| spa d | ||
| 100 | 1 |
_aQueneudec, Jean Pierre. _994515 |
|
| 245 | 1 | 3 |
_aLa contaminación del mar ante el Derecho Internacional / _cJean Pierre Queneudec ; traducción de Alberto Herrero de la Fuente. |
| 260 |
_aValladolid : _bUniversidad, _c1971. |
||
| 300 |
_a92 p ; _c21 cm. |
||
| 490 | 1 | _aCuaderno `cátedra J. B. Scott` | |
| 700 | 1 |
_aHerrero de la Fuente, Alberto. _963304 |
|
| 830 | 0 | 0 |
_aCuaderno cátedra J.B. Scott _9218907 |
| 852 |
_aES-MaACL _jC-46826 |
||
| 999 |
_c123167 _d123167 |
||